000 00328nam a22001337a 4500
008 170608b xxu||||| |||| 00| 0 eng d
020 _a9780072295061
041 _aeng
080 _23 ED
_a32
100 _a18
101 _aSHP
245 _aA CONCISE INTRODUCTION TO AMERICA POLITICS
_cPATTERSON.TH.E
942 _2udc
_cBK
999 _c16588
_d16588